| 000 | 01311nam a2200349 a 4500 | ||
|---|---|---|---|
| 001 | ebr10296478 | ||
| 003 | CaPaEBR | ||
| 006 | m u | ||
| 007 | cr cn||||||||| | ||
| 008 | 040819s2004 inua s 001 0 eng d | ||
| 010 | _z 2004302156 | ||
| 020 | _z0764570781 (pbk.) | ||
| 040 |
_aCaPaEBR _cCaPaEBR |
||
| 035 | _a(OCoLC)61455465 | ||
| 050 | 1 | 4 |
_aQA76.76.H94 _bD83 2004eb |
| 082 | 0 | 4 |
_a006.7/6 _222 |
| 100 | 1 | _aDuckett, Jon. | |
| 245 | 1 | 0 |
_aBeginning Web programming with HTML, XHTML, and CSS _h[electronic resource] / _cJon Duckett. |
| 260 |
_aIndianapolis, IN : _bWiley, _cc2004. |
||
| 300 |
_axxvi, 814 p. : _bill. |
||
| 500 | _aIncludes index. | ||
| 500 | _a"Programmer to programmer" -- p. [4] of cover. | ||
| 533 |
_aElectronic reproduction. _bPalo Alto, Calif. : _cebrary, _d2013. _nAvailable via World Wide Web. _nAccess may be limited to ebrary affiliated libraries. |
||
| 650 | 0 | _aHTML (Document markup language) | |
| 650 | 0 | _aXHTML (Document markup language) | |
| 650 | 0 | _aCascading style sheets. | |
| 650 | 0 | _aInternet programming. | |
| 650 | 0 | _aWeb site development. | |
| 655 | 7 |
_aElectronic books. _2local |
|
| 710 | 2 | _aebrary, Inc. | |
| 856 | 4 | 0 |
_uhttp://site.ebrary.com/lib/rucke/Doc?id=10296478 _zAn electronic book accessible through the World Wide Web; click to view |
| 999 |
_c77340 _d77340 |
||